Statistics for Every 100k+ City in the United States on a Map

Click here to take the quiz!

General Stats

  • This quiz has been taken 66,220 times
    (2,988 since last reset)
  • The average score is 166 of 336

Answers on the Map

Answers color-coded by a green-red scale on the quiz's map according to % correct below.
 

Answer Stats

CityStateHint% Correct
ChicagoIL2,664,452
98%
Los AngelesCA3,820,914
98%
New YorkNY8,258,035
98%
DallasTX1,302,868
97%
HoustonTX2,314,157
97%
MiamiFL455,924
97%
SeattleWA755,078
97%
BostonMA653,833
96%
DenverCO716,577
96%
Las VegasNV660,929
96%
PhiladelphiaPA1,550,542
96%
PhoenixAZ1,650,070
96%
San FranciscoCA808,988
96%
AustinTX979,882
95%
DetroitMI633,218
95%
PortlandOR630,498
95%
San DiegoCA1,388,320
95%
WashingtonDC678,972
95%
AtlantaGA510,823
94%
IndianapolisIN879,293
94%
JacksonMS143,709
94%
NashvilleTN687,788
94%
New OrleansLA364,136
94%
Oklahoma CityOK702,767
94%
HonoluluHI341,778
93%
JacksonvilleFL985,843
93%
Kansas CityMO510,704
93%
Kansas CityKS152,933
93%
MinneapolisMN425,115
93%
OrlandoFL320,742
93%
ColumbusGA201,877
92%
ColumbusOH913,175
92%
San AntonioTX1,495,295
92%
TampaFL403,364
92%
BaltimoreMD565,239
91%
El PasoTX678,958
91%
MemphisTN618,639
91%
SacramentoCA526,384
91%
Salt Lake CityUT209,593
91%
AlbuquerqueNM560,274
90%
AnchorageAK286,075
90%
CharlotteNC911,311
90%
ClevelandOH362,656
90%
MilwaukeeWI561,385
90%
PittsburghPA303,255
90%
San JoseCA969,655
90%
St. LouisMO281,754
90%
BuffaloNY274,678
89%
CincinnatiOH311,097
89%
Fort WorthTX978,468
88%
BoiseID235,421
87%
Saint PaulMN303,820
86%
LouisvilleKY622,981
85%
RaleighNC482,295
85%
SpringfieldIL112,544
85%
SpringfieldMO170,188
85%
SpringfieldMA153,672
85%
Baton RougeLA219,573
84%
Des MoinesIA210,381
83%
OmahaNE483,335
83%
RichmondCA114,106
83%
RichmondVA229,247
83%
TallahasseeFL202,221
83%
TucsonAZ547,239
83%
AlbanyNY101,228
82%
Colorado SpringsCO488,664
82%
Little RockAR203,842
81%
RenoNV274,915
81%
BirminghamAL196,644
80%
LincolnNE294,757
80%
ProvidenceRI190,792
80%
Virginia BeachVA453,649
80%
MadisonWI280,305
79%
OaklandCA436,504
79%
TulsaOK411,894
79%
Winston-SalemNC252,975
77%
FresnoCA545,716
76%
WichitaKS396,119
76%
CharlestonSC155,369
75%
SalemOR177,432
75%
NewarkNJ304,960
74%
ColumbiaMO129,330
73%
ColumbiaSC142,416
73%
Sioux FallsSD206,410
73%
HartfordCT119,669
72%
RochesterMN122,413
72%
RochesterNY207,274
72%
Corpus ChristiTX316,595
71%
FargoND133,188
71%
MontgomeryAL195,287
71%
ToledoOH265,304
71%
MobileAL182,595
70%
SavannahGA147,748
70%
TopekaKS125,475
70%
Long BeachCA449,468
69%
SyracuseNY145,560
68%
Jersey CityNJ291,657
67%
SpokaneWA229,447
67%
St. PetersburgFL263,553
67%
BakersfieldCA413,381
66%
BillingsMT120,864
66%
DaytonOH135,512
66%
Green BayWI105,744
66%
Fort LauderdaleFL184,255
65%
Grand RapidsMI196,608
65%
LansingMI112,115
65%
ArlingtonTX398,431
64%
LexingtonKY320,154
64%
AkronOH188,701
63%
MesaAZ511,648
63%
AnaheimCA340,512
62%
KnoxvilleTN198,162
62%
AmarilloTX202,408
61%
New HavenCT135,319
61%
EugeneOR177,899
59%
Fort WayneIN269,994
59%
ManchesterNH115,474
59%
North Las VegasNV284,771
59%
San BernardinoCA223,728
59%
AugustaGA200,884
58%
BoulderCO105,898
58%
DurhamNC296,186
58%
GreensboroNC302,296
58%
ProvoUT113,343
58%
RiversideCA318,858
58%
TacomaWA222,906
58%
AuroraIL177,563
57%
AuroraCO395,052
57%
ChattanoogaTN187,030
57%
NorfolkVA230,930
56%
LubbockTX266,878
55%
Santa AnaCA310,539
55%
WacoTX144,816
54%
Ann ArborMI119,381
52%
BrownsvilleTX190,158
52%
ShreveportLA177,959
52%
McAllenTX146,593
51%
YonkersNY207,657
51%
BridgeportCT148,028
50%
HendersonNV337,305
50%
HuntsvilleAL225,564
50%
LaredoTX257,602
50%
StocktonCA319,543
50%
WilmingtonNC122,698
50%
WorcesterMA207,621
50%
AthensGA128,628
49%
Cedar RapidsIA135,958
49%
ConcordCA122,315
49%
ConcordNC110,119
49%
FayettevilleAR101,680
49%
FayettevilleNC209,749
49%
LafayetteLA121,467
49%
ScottsdaleAZ244,394
49%
PasadenaCA133,560
48%
PasadenaTX146,716
48%
AllenTX111,620
47%
IrvineCA314,621
47%
VancouverWA196,442
46%
AlexandriaVA155,230
45%
HollywoodFL153,859
45%
CambridgeMA118,214
44%
GlendaleCA187,050
44%
GlendaleAZ253,855
44%
PlanoTX290,190
44%
South BendIN103,395
44%
BendOR104,557
43%
Fort CollinsCO170,376
43%
MaconGA156,512
43%
PeoriaIL110,460
43%
PeoriaAZ198,750
43%
AllentownPA124,880
42%
Newport NewsVA183,118
42%
Chula VistaCA274,333
41%
Las CrucesNM114,892
41%
TuscaloosaAL111,338
41%
BerkeleyCA118,962
40%
OdessaTX115,743
40%
TempeAZ189,834
40%
Cape CoralFL224,455
39%
ChesapeakeVA253,886
39%
GainesvilleFL145,812
39%
Huntington BeachCA192,129
39%
MidlandTX138,397
39%
OrangeCA138,337
38%
Santa ClaraCA131,062
38%
Santa ClaritaCA224,028
38%
St. GeorgeUT104,578
38%
AbileneTX129,043
37%
ChandlerAZ280,167
37%
IrvingTX254,373
37%
ModestoCA218,915
37%
PuebloCO111,077
37%
StamfordCT136,226
37%
West Palm BeachFL124,130
37%
YumaAZ100,858
37%
DavenportIA100,354
36%
EvansvilleIN115,332
36%
HialeahFL221,300
36%
Port St. LucieFL245,021
36%
RockfordIL146,120
36%
FremontCA226,208
35%
Overland ParkKS197,089
35%
College StationTX125,192
34%
OxnardCA198,488
34%
BellevueWA151,574
33%
ClearwaterFL116,850
33%
ElizabethNJ135,829
33%
FriscoTX225,007
33%
NapervilleIL150,245
33%
Santa RosaCA175,845
33%
GilbertAZ275,411
32%
JolietIL150,489
32%
LancasterCA166,236
32%
NormanOK130,046
32%
Wichita FallsTX102,691
32%
DentonTX158,349
31%
OntarioCA182,457
31%
BeaumontTX112,193
30%
Broken ArrowOK119,194
30%
DearbornMI105,811
30%
EverettWA111,180
30%
GarlandTX243,470
30%
LowellMA114,296
30%
OceansideCA170,020
30%
HamptonVA137,098
29%
LakelandFL122,264
29%
McKinneyTX213,509
29%
MurfreesboroTN165,430
29%
NampaID114,268
29%
QuincyMA101,597
29%
TylerTX110,327
29%
BurbankCA102,755
28%
ClarksvilleTN180,716
28%
LakewoodCO155,961
28%
LakewoodNJ139,866
28%
Spokane ValleyWA108,235
28%
CaryNC180,010
27%
North CharlestonSC121,469
27%
PatersonNJ156,452
27%
Santa MariaCA109,987
27%
KentWA133,378
26%
KilleenTX159,643
26%
New BedfordMA100,695
26%
Round RockTX130,406
26%
Sugar LandTX108,515
26%
SurpriseAZ158,285
26%
Thousand OaksCA123,463
26%
VenturaCA109,058
26%
West Valley CityUT134,470
26%
CarmelIN102,296
25%
IndependenceMO120,922
25%
MeridianID134,801
25%
CarlsbadCA113,495
24%
ChicoCA101,301
24%
Grand PrairieTX202,134
24%
GreeleyCO112,609
24%
InglewoodCA102,865
24%
LynnMA101,241
24%
MesquiteTX147,317
24%
OlatheKS147,461
24%
PalmdaleCA161,404
24%
Rancho CucamongaCA174,405
24%
SalinasCA159,506
24%
San MateoCA101,327
24%
TorranceCA139,224
24%
West JordanUT114,908
24%
Miami GardensFL110,717
23%
Moreno ValleyCA212,392
23%
PearlandTX127,736
23%
PomonaCA145,502
23%
SparksNV110,323
23%
Sterling HeightsMI133,306
23%
SuffolkVA100,659
23%
WarrenMI136,655
23%
CoronaCA160,238
22%
EscondidoCA148,122
22%
Rio RanchoNM110,660
22%
VisaliaCA144,998
22%
ArvadaCO121,414
21%
CarrolltonTX132,918
21%
EdinburgTX105,799
21%
ElginIL113,310
21%
Elk GroveCA178,444
21%
FontanaCA215,465
21%
FullertonCA139,250
21%
GoodyearAZ111,805
21%
GreshamOR110,685
21%
Pembroke PinesFL171,119
21%
VallejoCA122,807
21%
WaterburyCT114,990
21%
WestminsterCO114,875
21%
BrocktonMA104,890
20%
CentennialCO106,883
20%
HaywardCA155,675
20%
High PointNC116,926
20%
HillsboroOR107,730
20%
MiramarFL138,319
20%
Palm BayFL135,566
20%
Pompano BeachFL113,619
20%
RentonWA104,491
20%
RosevilleCA159,135
20%
SunnyvaleCA151,967
20%
TemeculaCA110,682
20%
ThorntonCO144,922
20%
VictorvilleCA138,869
20%
AntiochCA117,096
19%
BuckeyeAZ108,909
19%
Coral SpringsFL134,906
19%
EdisonNJ106,836
19%
FairfieldCA120,768
19%
FishersIN104,094
19%
League CityTX116,320
19%
RichardsonTX117,435
19%
Sandy SpringsGA105,793
19%
Simi ValleyCA125,113
19%
ClovisCA125,826
18%
DavieFL107,799
18%
Garden GroveCA168,234
18%
LewisvilleTX133,553
18%
New BraunfelsTX110,958
18%
VacavilleCA102,526
18%
El CajonCA102,991
17%
Lee's SummitMO104,184
17%
MurrietaCA111,878
17%
West CovinaCA105,617
17%
Costa MesaCA108,354
16%
DowneyCA108,816
16%
South FultonGA110,920
16%
ConroeTX108,248
15%
El MonteCA103,794
15%
HesperiaCA100,633
15%
Jurupa ValleyCA107,321
15%
MenifeeCA113,433
15%
WoodbridgeNJ103,194
15%
Palm CoastFL102,113
14%
RialtoCA103,391
14%

Score Distribution

Percentile by Number Answered

Percent of People with Each Score

Your Score History

You have not taken this quiz since the last reset